Loading...
| Literature - European Literature | 3 | 2 | 0 | 1 | 65 | 24 | 71.20 | 3 | 5 |
| Science - Biology | 3 | 2 | 1 | 1 | 60 | 58 | 85.20 | 4 | 5 |
| Science - Chemistry | 2 | 3 | 1 | 2 | 55 | 46 | 79.20 | 3 | 5 |
| Science - Physics | 1 | 2 | 1 | 1 | 30 | 56 | 91.00 | 1 | 3 |
| History - American History | 1 | 1 | 0 | 0 | 25 | 61 | 72.50 | 2 | 2 |
| 0 | 3 | 2 | 2 | 20 | 97 | 129.33 | 0 | 3 | |
| Other Academic | 0 | 2 | 0 | 1 | 20 | 83 | 108.00 | 1 | 2 |
| Beliefs | 0 | 2 | 1 | 0 | 15 | 71 | 82.00 | 1 | 2 |
| Literature - British Literature | 0 | 1 | 0 | 0 | 10 | 93 | 93.00 | 0 | 1 |
| History - European History | 0 | 1 | 0 | 1 | 10 | 138 | 138.00 | 0 | 1 |
| Philosophy | 0 | 1 | 0 | 0 | 10 | 117 | 117.00 | 0 | 1 |
| Current Events | 0 | 1 | 0 | 0 | 10 | 115 | 115.00 | 1 | 1 |
| Chemistry> | 0 | 1 | 0 | 0 | 10 | 104 | 104.00 | 0 | 1 |
| Other Science: Astronomy | 0 | 1 | 0 | 0 | 10 | 109 | 109.00 | 0 | 1 |
| Other Science: Earth Science | 0 | 1 | 0 | 0 | 10 | 97 | 97.00 | 1 | 1 |
| Geography | 0 | 0 | 1 | 0 | -5 | 0.00 | 0 | 0 | |
| Literature - American Literature | 0 | 0 | 1 | 0 | -5 | 0.00 | 0 | 0 | |
| Fine Arts - Auditory Fine Arts | 0 | 0 | 1 | 0 | -5 | 0.00 | 0 | 0 |